El derecho a la salud y el racionamiento en los servicios de salud /

Se analiza la comprensión que se tiene de derecho a la salud, interrogando si se puede sostener racionalmente la existencia de un derecho humano a la salud o a los servicios sanitarios. Posterior a ello, se expone la situación de Costa Rica sobre lo anterior, considerando primordialmente algunas de...

Full description

Saved in:
Bibliographic Details
Main Author: Marlasca López, Antonio
Format: Text
Subjects:
Tags: Add Tag
No Tags, Be the first to tag this record!

MARC

LEADER 00000 a a2200000 04500
001 43469
003
040
100 |a Marlasca López, Antonio  
245 |a El derecho a la salud y el racionamiento en los servicios de salud /  |c Antonio Marlasca López  
520 |a Se analiza la comprensión que se tiene de derecho a la salud, interrogando si se puede sostener racionalmente la existencia de un derecho humano a la salud o a los servicios sanitarios. Posterior a ello, se expone la situación de Costa Rica sobre lo anterior, considerando primordialmente algunas de las legislaciones que posee con respecto a la salud. Finalmente, se somete a discusión y análisis algunos criterios que se supone deberían orientar y regular la racionalización o limitación de las prestaciones sanitarias.  
590 |a KSR/OCTUBRE2012  
650 |a ACCESO A LA SALUD  
650 |a SERVICIOS DE SALUD  
650 |a BIOETICA  
650 |a LEGISLACION SANITARIA  
650 |a COSTA RICA  
773 |g volumen122, número47 (2009), páginas 9-18  
999 |c 21689  |d 21689